Numerical methods : (Record no. 156119)

MARC details
000 -LEADER
fixed length control field 00713nam a22002057a 4500
005 - DATE AND TIME OF LATEST TRANSACTION
control field 20180821115203.0
010 ## - LCCN (DPL NO)
LC control number ENG-123848
020 ## - INTERNATIONAL STANDARD BOOK NUMBER
International Standard Book Number 9788173719585
Terms of availability 475.00
035 ## - SYSTEM CONTROL NUMBER
System control number EN-107380
037 ## - SOURCE OF ACQUISITION
Source of stock number/acquisition DBAD/PUB
082 ## - DEWEY DECIMAL CLASSIFICATION NUMBER
Classification number 518
100 ## - MAIN ENTRY--PERSONAL NAME
Personal name Jalan, Arun Kumar
245 ## - TITLE STATEMENT
Title Numerical methods :
Statement of responsibility, etc by Arun Kumar Jalan [and] Utpal Sarkar
Remainder of title a programming-based approach /
260 ## - PUBLICATION, DISTRIBUTION, ETC. (IMPRINT)
Place of publication, distribution, etc Hyderabad (Telangana)
Date of publication, distribution, etc 2015
Name of publisher, distributor, etc Universities Press (India) Private Limited
270 ## - ADDRESS
City Hyderabad (Telangana)
Address 3-6-747/1/A & 3-6-754/1, Himayatnagar, Hyderabad,
Postal code 500029
300 ## - PHYSICAL DESCRIPTION
Extent 403p.
Dimensions 24(pbk.)
500 ## - GENERAL NOTE
General note It includes appendix and index
700 ## - ADDED ENTRY--PERSONAL NAME
Personal name Sarkar, Utpal
942 ## - ADDED ENTRY ELEMENTS (KOHA)
Source of classification or shelving scheme Dewey Decimal Classification
Item type English Books
Classification part 518
Call number suffix JAL
Holdings
Withdrawn status Lost status Not for loan Collection code Home library Current library Date acquired Source of acquisition Cost, normal purchase price Full call number Barcode Copy number Cost, replacement price Koha item type
    Not For Loan Non-fiction D.B.Act.Division Bawana 20/08/2018 DBAD/PUB 475.00 518 JAL EN-107380 1 475.00 English Books

© Delhi Public Library
Hit Counter
free hit counter